| 000 | 00681nam a2200241Ia 4500 | ||
|---|---|---|---|
| 003 | OSt | ||
| 005 | 20221007071444.0 | ||
| 006 | a|||||r|||| 00| 0 | ||
| 007 | ta | ||
| 008 | 221006b |||||||| |||| 00| 0 eng d | ||
| 024 | _a15,365 | ||
| 037 | _cTextual | ||
| 040 |
_aFLL _cFLL _beng |
||
| 041 |
_2eng _aeng |
||
| 082 | _aX:97:Z72, M1 | ||
| 100 |
_aArthurs H.W. Au. _9688792 |
||
| 245 | 0 | _aLabour law and industrial relations in canada | |
| 260 |
_aLondon _bButterworths London _c1981 |
||
| 300 |
_a291p _ccm. |
||
| 700 |
_a Carter D.D. Au. _9688793 |
||
| 942 |
_hX:97:Z72, M1 _cTEXL _2CC |
||
| 999 |
_c1143396 _d1143396 |
||